MESTSKÁ KNIŽNICA GIRALTOVCE  - online katalóg 

Neues Deutsches Worter- Buch (Record no. 17783)

000 -NÁVESTIE
fixed length control field 00265nam a2200109 a 4500
008 - ÚDAJE S PEVNOU DĹŽKOU – VŠEOBECNÉ INFORMÁCIE
fixed length control field 110502s1980|||| d
020 ## - MEDZINÁRODNÉ ŠTANDARDNÉ ČÍSLO KNIHY (ISBN)
Údaje o dostupnosti 30
041 ## - KÓD JAZYKA
Kód jazyka textu/zvukovej stopy alebo samostatných nápisov nemecký
044 ## - KÓD KRAJINY VYDAVATEĽA/PRODUCENTA
Kód krajiny MARC Ne
245 10 - NÁZOV
Názov Neues Deutsches Worter- Buch
260 ## - VYDAVATEĽSKÉ ÚDAJE, DISTRIBÚCIA ATĎ.
Názov vydavateľa, distibútora atď. Verlag Corvus by
Miesto publikovania, distribúcie atď. Berlín
Dátum publikovania, distribúcie atď. 1980
Holdings
Stav stiahnutia (Blokovanie) (Withrawn status) Stav straty Stav poškodenia (Damaged status) Nie pre výpožičky (Not for loan) Spôsob nadobudnutia (Collection code) Trvalé umiestnenie Aktuálne umiestnenie Dátum nadobudnutia Náklady, bežná kúpna cena Inventárne číslo (prírastkové číslo) Full call number Dátum posledného výskytu Cena s účinnosťou od Typ jednotky Koha
        Kúpa Mestská knižnica Giraltovce Mestská knižnica Giraltovce 2019-11-29 30.00 17 822 I 1479 2019-11-29 2019-11-29 Odborná literatúra pre dospelých

Powered by Koha